| 000 | 00398pab a2200169 454500 | ||
|---|---|---|---|
| 008 | 180718b2015 xxu||||| |||| 00| 0 eng d | ||
| 100 | _aSharma, Arpita | ||
| 245 | _aPURA: Rural urban linkage in India | ||
| 260 | _c2015 | ||
| 300 | _ap.24-27. | ||
| 362 | _aFeb | ||
| 650 | _aPURA | ||
| 650 | _aUrban development | ||
| 650 | _aRural development | ||
| 773 | _aKurukshetra | ||
| 909 | _a107127 | ||
| 999 |
_c107122 _d107122 |
||